[Event "Small Nations"]
[Site "?"]
[Date "2015.04.21"]
[Round "4.19"]
[White "Kassinopoullos, Doros"]
[Black "Darmanin, Jake"]
[Result "0-1"]
[BlackElo "1984"]
[WhiteElo "2099"]
[LiveChessVersion "1.4.5"]

1. e4 {[%clk 1:30:58]} e5 {[%clk 1:30:51]} 2. Nf3 {[%clk 1:31:14]} Nc6
{[%clk 1:31:18]} 3. Bb5 {[%clk 1:31:39]} g6 {[%clk 1:31:37]} 4. c3
{[%clk 1:28:43]} Bg7 {[%clk 1:30:34]} 5. O-O {[%clk 1:26:48]} a6 {[%clk 1:17:28]}
6. Ba4 {[%clk 1:25:04]} Nge7 {[%clk 1:03:42]} 7. d4 {[%clk 1:23:45]} b5
{[%clk 0:54:07]} 8. Bb3 {[%clk 1:22:24]} O-O {[%clk 0:49:11]} 9. dxe5
{[%clk 1:20:29]} Na5 {[%clk 0:45:06]} 10. Bg5 {[%clk 1:16:17]} Nxb3
{[%clk 0:40:50]} 11. axb3 {[%clk 1:09:49]} Bb7 {[%clk 0:39:59]} 12. Re1
{[%clk 1:07:45]} Qe8 {[%clk 0:39:02]} 13. Bf6 {[%clk 1:00:26]} Nc6
{[%clk 0:38:19]} 14. Na3 {[%clk 0:59:20]} Qe6 {[%clk 0:28:26]} 15. Ng5
{[%clk 0:56:53]} Qe8 {[%clk 0:28:37]} 16. f4 h6 {[%clk 0:28:37]} 17. Bxg7 Kxg7
{[%clk 0:28:37]} 18. Nf3 Rd8 {[%clk 0:28:37]} 19. Nc2 d6 {[%clk 0:28:37]} 20.
exd6 Rxd6 {[%clk 0:28:37]} 21. Qe2 Rf6 {[%clk 0:28:37]} 22. Qe3 Re6
{[%clk 0:28:37]} 23. e5 Ne7 {[%clk 0:28:37]} 24. Ncd4 Rb6 {[%clk 0:28:37]} 25. b4
Nd5 {[%clk 0:28:37]} 26. Qd2 Qc8 {[%clk 0:28:37]} 27. h3 c5 {[%clk 0:28:37]} 28.
bxc5 Qxc5 {[%clk 0:28:37]} 29. Kh2 b4 {[%clk 0:28:37]} 30. Rac1 bxc3
{[%clk 0:28:37]} 31. bxc3 Bc8 {[%clk 0:28:37]} 32. g4 Rd8 {[%clk 0:28:37]} 33. f5
Qc7 {[%clk 0:28:37]} 34. Kh1 Bb7 {[%clk 0:28:37]} 35. f6+ Nxf6 {[%clk 0:28:37]}
36. exf6+ Rxf6 {[%clk 0:28:37]} 37. Qg2 Rxf3 {[%clk 0:28:37]} 38. Nxf3 Qf4
{[%clk 0:28:37]} 39. Rf1 Rd3 {[%clk 0:28:37]} 40. Kg1 Bxf3 {[%clk 0:28:37]} 41.
Qf2 Rd2 {[%clk 0:28:37]} 0-1

[Event "Small Nations"]
[Site "?"]
[Date "2015.04.21"]
[Round "4.20"]
[White "Psaila, Clarence"]
[Black "Hadjikyriakou, Arsenios"]
[Result "1/2-1/2"]
[BlackElo "1859"]
[WhiteElo "2063"]
[LiveChessVersion "1.4.5"]

1. f4 {[%clk 1:30:52]} d6 {[%clk 1:29:12]} 2. e4 {[%clk 1:30:38]} Nf6
{[%clk 1:29:35]} 3. Nc3 {[%clk 1:30:23]} d5 {[%clk 1:29:57]} 4. e5
{[%clk 1:25:08]} d4 {[%clk 1:30:18]} 5. exf6 {[%clk 1:24:36]} dxc3
{[%clk 1:30:35]} 6. fxg7 {[%clk 1:24:05]} cxd2+ {[%clk 1:30:13]} 7. Qxd2
{[%clk 1:24:03]} Qxd2+ {[%clk 1:27:37]} 8. Bxd2 {[%clk 1:24:21]} Bxg7
{[%clk 1:27:53]} 9. O-O-O {[%clk 1:23:46]} O-O {[%clk 4:46:56]} 10. Nf3
{[%clk 1:22:19]} Nc6 {[%clk 1:06:13]} 11. h3 {[%clk 1:15:56]} Bf5
{[%clk 1:02:37]} 12. Bc4 {[%clk 1:13:44]} Rad8 {[%clk 0:59:10]} 13. Be3
{[%clk 1:11:47]} e6 {[%clk 0:49:47]} 14. c3 {[%clk 1:07:00]} a6 {[%clk 0:47:28]}
15. Bc5 {[%clk 0:59:10]} Rfe8 {[%clk 0:47:11]} 16. Rxd8 {[%clk 0:43:02]} Rxd8
{[%clk 0:47:19]} 17. Re1 {[%clk 0:43:19]} Bh6 {[%clk 0:42:28]} 18. Be3
{[%clk 0:37:12]} Bg7 {[%clk 0:37:38]} 19. g4 {[%clk 0:34:46]} Be4
{[%clk 0:35:40]} 20. Ng5 {[%clk 0:32:51]} Bd5 {[%clk 0:34:22]} 21. Bxd5
{[%clk 0:28:44]} Rxd5 {[%clk 0:34:41]} 22. Ne4 {[%clk 0:25:06]} b6
{[%clk 0:33:04]} 23. Rd1 {[%clk 0:23:59]} Rxd1+ {[%clk 0:31:35]} 24. Kxd1
{[%clk 0:23:16]} Kf8 {[%clk 0:20:51]} 25. Ke2 {[%clk 0:21:25]} Ke7
{[%clk 0:20:58]} 26. Kd3 {[%clk 0:21:01]} Nb8 {[%clk 0:15:56]} 27. Bd4
{[%clk 0:19:12]} Bxd4 {[%clk 0:16:16]} 28. Kxd4 {[%clk 0:18:50]} Nc6+
{[%clk 0:15:31]} 29. Kd3 {[%clk 0:16:35]} Nb8 {[%clk 0:13:30]} 30. g5
{[%clk 0:13:42]} Nd7 {[%clk 0:13:35]} 31. b4 {[%clk 0:13:18]} f6 {[%clk 0:11:02]}
32. h4 {[%clk 0:08:16]} fxg5 {[%clk 0:07:14]} 33. hxg5 {[%clk 0:07:50]} Kf7
{[%clk 0:05:57]} 34. Ng3 {[%clk 0:07:33]} Kg6 {[%clk 0:05:38]} 35. Ke4
{[%clk 0:07:29]} c5 {[%clk 0:03:14]} 36. Nf1 {[%clk 0:06:35]} cxb4
{[%clk 0:02:19]} 37. cxb4 {[%clk 0:06:59]} b5 {[%clk 0:02:33]} 38. Ne3
{[%clk 0:07:19]} h6 {[%clk 0:02:10]} 39. gxh6 {[%clk 0:07:14]} Kxh6
{[%clk 0:02:39]} 40. Ng4+ {[%clk 0:07:02]} Kg7 {[%clk 0:02:30]} 41. Kd4
{[%clk 0:06:59]} Nb6 {[%clk 0:22:21]} 42. Ne3 {[%clk 0:31:54]} Kf6
{[%clk 0:18:42]} 43. Kc5 {[%clk 0:25:40]} Na4+ {[%clk 0:18:35]} 44. Kd4
{[%clk 0:24:27]} Nb6 {[%clk 0:18:51]} 1/2-1/2

[Event "Small Nations"]
[Site "?"]
[Date "2015.04.22"]
[Round "5.1"]
[White "Berend, Fred"]
[Black "Nielsen, Hogni Egilstoft"]
[Result "1/2-1/2"]
[BlackElo "2382"]
[WhiteElo "2349"]
[LiveChessVersion "1.4.5"]

1. d4 {[%clk 1:30:59]} Nf6 {[%clk 1:30:25]} 2. c4 {[%clk 1:31:25]} g6
{[%clk 1:30:12]} 3. Nc3 {[%clk 1:31:16]} Bg7 {[%clk 1:30:35]} 4. e4
{[%clk 1:31:33]} d6 {[%clk 1:30:58]} 5. Nf3 {[%clk 1:32:00]} O-O {[%clk 1:31:02]}
6. Be2 {[%clk 1:32:24]} e5 {[%clk 1:30:51]} 7. O-O {[%clk 1:32:40]} Nc6
{[%clk 1:30:39]} 8. d5 {[%clk 1:33:02]} Ne7 {[%clk 1:31:00]} 9. Nd2
{[%clk 1:33:10]} Ne8 {[%clk 1:23:45]} 10. b4 {[%clk 1:30:29]} f5 {[%clk 1:22:15]}
11. Rb1 {[%clk 1:19:36]} Nf6 {[%clk 1:20:45]} 12. Qc2 {[%clk 1:14:49]} Bh6
{[%clk 1:20:17]} 13. Rd1 {[%clk 1:04:38]} fxe4 {[%clk 1:10:49]} 14. Ndxe4
{[%clk 0:54:54]} Bxc1 {[%clk 1:09:24]} 15. Nxf6+ {[%clk 0:55:13]} Rxf6
{[%clk 1:09:47]} 16. Qxc1 {[%clk 0:50:05]} Rf4 {[%clk 0:50:20]} 17. Rb2
{[%clk 0:45:16]} Bd7 {[%clk 0:34:44]} 18. Bd3 {[%clk 0:39:40]} Qf8
{[%clk 0:23:58]} 19. Be4 {[%clk 0:34:48]} Bf5 {[%clk 0:20:00]} 20. f3
{[%clk 0:31:14]} Bxe4 {[%clk 0:19:45]} 21. Nxe4 {[%clk 0:30:14]} h6
{[%clk 0:14:26]} 22. c5 {[%clk 0:27:47]} Nf5 {[%clk 0:13:28]} 23. cxd6
{[%clk 0:26:50]} cxd6 {[%clk 0:11:30]} 24. Qc7 {[%clk 0:19:18]} Ne3
{[%clk 0:09:55]} 25. Re1 {[%clk 0:18:30]} Nxd5 {[%clk 0:08:49]} 26. Qxb7
{[%clk 0:18:18]} Nb6 {[%clk 0:08:50]} 27. Rb3 {[%clk 0:10:56]} d5
{[%clk 0:06:06]} 28. Nc5 {[%clk 0:10:58]} Rf7 {[%clk 0:06:05]} 29. Qc6
{[%clk 0:10:46]} Rf6 {[%clk 0:06:06]} 30. Qc7 {[%clk 0:10:03]} Qd6
{[%clk 0:04:10]} 31. Qxd6 {[%clk 0:10:12]} Rxd6 {[%clk 0:04:39]} 32. Rxe5
{[%clk 0:10:31]} Nc4 {[%clk 0:03:44]} 33. Re7 {[%clk 0:10:18]} d4
{[%clk 0:03:37]} 34. Ne4 {[%clk 0:09:33]} Ra6 {[%clk 0:04:06]} 35. Rc7
{[%clk 0:06:39]} Ne5 {[%clk 0:04:07]} 36. Rb2 {[%clk 0:05:35]} Rd8
{[%clk 0:03:51]} 37. Rd2 {[%clk 0:04:52]} Ra4 {[%clk 0:02:19]} 38. Rc5
{[%clk 0:05:03]} Nf7 {[%clk 0:02:04]} 39. Rc4 {[%clk 0:04:19]} a5
{[%clk 0:00:55]} 40. Rc6 {[%clk 0:03:30]} Rxb4 {[%clk 0:00:38]} 41. Rxg6+
{[%clk 0:03:39]} Kh7 {[%clk 0:27:01]} 42. Ra6 {[%clk 0:34:00]} Ne5
{[%clk 0:25:20]} 43. Ra7+ {[%clk 0:30:40]} Kg6 {[%clk 0:23:44]} 44. Ra6+
{[%clk 0:28:56]} Kh7 {[%clk 0:23:00]} 45. Rd6 {[%clk 0:18:06]} Rxd6
{[%clk 0:21:35]} 46. Nxd6 {[%clk 0:18:24]} a4 {[%clk 0:14:23]} 47. a3
{[%clk 0:12:57]} Rb3 {[%clk 0:12:05]} 48. Rxd4 {[%clk 0:12:43]} Rxa3
{[%clk 0:08:04]} 49. Kf2 {[%clk 0:10:20]} Rd3 {[%clk 0:03:53]} 50. Re4
{[%clk 0:04:22]} Nxf3 {[%clk 0:02:38]} 51. Re7+ {[%clk 0:04:31]} Kg8
{[%clk 0:02:50]} 52. Nf5 {[%clk 0:02:12]} Ng5 {[%clk 0:01:15]} 53. Nxh6+
{[%clk 0:01:45]} Kf8 {[%clk 0:01:06]} 54. Re5 {[%clk 0:02:08]} Nh7
{[%clk 0:00:56]} 55. Ra5 {[%clk 0:02:11]} a3 {[%clk 0:01:06]} 56. Ra8+
{[%clk 0:02:10]} Kg7 {[%clk 0:01:04]} 57. Nf5+ {[%clk 0:02:39]} Kf6
{[%clk 0:00:47]} 58. Ng3 {[%clk 0:02:58]} Ng5 {[%clk 0:00:36]} 59. Ra6+
{[%clk 0:03:04]} Kf7 {[%clk 0:00:44]} 60. h4 {[%clk 0:02:57]} Rd2+
{[%clk 0:00:40]} 61. Kg1 {[%clk 0:02:55]} Ne6 {[%clk 0:00:33]} 62. Ne4
{[%clk 0:00:51]} Rd4 {[%clk 0:00:36]} 63. Nd6+ {[%clk 0:01:14]} Kf6
{[%clk 0:00:36]} 64. h5 {[%clk 0:00:48]} a2 {[%clk 0:00:39]} 65. Kh2
{[%clk 0:00:49]} Rxd6 {[%clk 0:00:42]} 66. Rxa2 {[%clk 0:01:13]} Ke5 1/2-1/2

[Event "Small Nations"]
[Site "?"]
[Date "2015.04.22"]
[Round "5.2"]
[White "Rodgaard, John"]
[Black "Wiedenkeller, Michael"]
[Result "1/2-1/2"]
[BlackElo "2470"]
[WhiteElo "2340"]
[LiveChessVersion "1.4.5"]

1. c4 {[%clk 1:30:55]} c5 {[%clk 1:30:19]} 2. Nf3 {[%clk 1:30:40]} Nc6
{[%clk 1:30:19]} 3. d4 {[%clk 1:30:35]} cxd4 {[%clk 1:30:27]} 4. Nxd4
{[%clk 1:30:53]} Nf6 {[%clk 1:30:46]} 5. Nc3 {[%clk 1:30:45]} e6 {[%clk 1:30:39]}
6. Ndb5 {[%clk 1:25:27]} d5 {[%clk 1:29:22]} 7. Bf4 {[%clk 1:24:56]} e5
{[%clk 1:27:41]} 8. cxd5 {[%clk 1:25:02]} exf4 {[%clk 1:27:42]} 9. dxc6
{[%clk 1:25:17]} bxc6 {[%clk 1:27:41]} 10. Qxd8+ {[%clk 1:25:32]} Kxd8
{[%clk 1:28:07]} 11. Rd1+ {[%clk 1:25:44]} Bd7 {[%clk 1:27:57]} 12. Nd6
{[%clk 1:25:31]} Bxd6 {[%clk 1:27:59]} 13. Rxd6 {[%clk 1:25:57]} Rb8
{[%clk 1:27:17]} 14. Rd2 {[%clk 1:25:24]} Re8 {[%clk 1:26:45]} 15. g3
{[%clk 1:24:42]} f3 {[%clk 1:26:00]} 16. Kd1 {[%clk 1:20:52]} fxe2+
{[%clk 1:12:15]} 17. Bxe2 {[%clk 1:21:00]} Ra8 1/2-1/2

[Event "Small Nations"]
[Site "?"]
[Date "2015.04.22"]
[Round "5.3"]
[White "Linster, Philippe"]
[Black "Poulsen, Martin"]
[Result "1-0"]
[BlackElo "2252"]
[WhiteElo "2239"]
[LiveChessVersion "1.4.5"]

1. c4 {[%clk 1:30:57]} Nf6 {[%clk 1:29:48]} 2. g3 {[%clk 1:31:21]} d5
{[%clk 1:29:58]} 3. cxd5 {[%clk 1:31:31]} Nxd5 {[%clk 1:30:10]} 4. Nc3
{[%clk 1:31:30]} Nxc3 {[%clk 1:30:33]} 5. bxc3 {[%clk 1:31:08]} g6
{[%clk 1:30:35]} 6. Bg2 {[%clk 1:31:08]} Bg7 {[%clk 1:30:43]} 7. Nf3
{[%clk 1:31:00]} O-O {[%clk 1:31:03]} 8. O-O {[%clk 1:31:26]} Nc6
{[%clk 1:31:28]} 9. d4 {[%clk 1:30:50]} Be6 {[%clk 1:27:55]} 10. e4
{[%clk 1:13:00]} Bc4 {[%clk 1:25:32]} 11. Re1 {[%clk 1:12:57]} Qd7
{[%clk 1:01:20]} 12. Nd2 {[%clk 1:07:54]} Ba6 {[%clk 0:55:31]} 13. e5
{[%clk 1:08:00]} Rad8 {[%clk 0:43:48]} 14. Qf3 {[%clk 0:55:49]} Na5
{[%clk 0:35:05]} 15. Nb3 {[%clk 0:40:57]} Nxb3 {[%clk 0:30:47]} 16. axb3
{[%clk 0:41:26]} c5 {[%clk 0:24:44]} 17. d5 {[%clk 0:38:36]} e6 {[%clk 0:17:30]}
18. c4 {[%clk 0:28:57]} f6 {[%clk 0:05:48]} 19. Bb2 {[%clk 0:21:59]} fxe5
{[%clk 0:04:16]} 20. Qe3 {[%clk 0:22:28]} exd5 {[%clk 0:02:48]} 21. Bxd5+
{[%clk 0:22:53]} Kh8 {[%clk 0:03:04]} 22. Qxc5 {[%clk 0:22:18]} b6
{[%clk 0:01:29]} 23. Qe3 {[%clk 0:22:40]} Bc8 {[%clk 0:01:31]} 24. Bxe5
{[%clk 0:22:14]} Rde8 {[%clk 0:01:14]} 25. Bxg7+ {[%clk 0:22:31]} Kxg7
{[%clk 0:01:33]} 26. Qc3+ {[%clk 0:21:11]} Kh6 {[%clk 0:01:03]} 27. Re3
{[%clk 0:18:32]} Qf5 {[%clk 0:00:41]} 28. Rf3 {[%clk 0:16:58]} Qd7
{[%clk 0:01:09]} 29. Rxf8 {[%clk 0:15:47]} Rxf8 {[%clk 0:01:37]} 30. Qe3+
{[%clk 0:15:57]} Kg7 {[%clk 0:01:46]} 31. Re1 {[%clk 0:14:35]} Qf5
{[%clk 0:00:53]} 32. Qd4+ {[%clk 0:13:47]} Rf6 {[%clk 0:00:58]} 33. Re7+
{[%clk 0:11:18]} Kf8 {[%clk 0:01:26]} 34. Rxh7 {[%clk 0:11:14]} g5
{[%clk 0:00:32]} 35. Rh8+ {[%clk 0:10:46]} Kg7 {[%clk 0:00:37]} 36. Rg8+
{[%clk 0:11:02]} Kh6 {[%clk 0:01:01]} 37. Rxc8 {[%clk 0:11:13]} Qxc8
{[%clk 0:00:32]} 38. Qxf6+ {[%clk 0:11:42]} Kh5 {[%clk 0:00:51]} 39. Bf7+
{[%clk 0:11:56]} Kg4 {[%clk 0:01:15]} 40. Be6+ {[%clk 0:12:24]} Qxe6
{[%clk 0:01:30]} 41. Qxe6+ {[%clk 0:12:54]} Kf3 {[%clk 0:01:51]} 42. h3
{[%clk 0:12:47]} a5 {[%clk 0:02:15]} 43. Qe3# 1-0

[Event "Small Nations"]
[Site "?"]
[Date "2015.04.22"]
[Round "5.4"]
[White "Andreasen, Joan Hendrik"]
[Black "Gengler, Pierre"]
[Result "1-0"]
[BlackElo "2195"]
[WhiteElo "2227"]
[LiveChessVersion "1.4.5"]

1. d4 {[%clk 1:30:56]} Nf6 {[%clk 1:30:56]} 2. c4 {[%clk 1:31:15]} g6
{[%clk 1:31:23]} 3. Nc3 {[%clk 1:31:22]} Bg7 {[%clk 1:31:49]} 4. e4
{[%clk 1:31:43]} O-O {[%clk 1:32:12]} 5. f3 {[%clk 1:32:04]} d6 {[%clk 1:32:02]}
6. Be3 {[%clk 1:32:23]} Nc6 {[%clk 1:28:06]} 7. Nge2 {[%clk 1:32:36]} e5
{[%clk 1:28:16]} 8. d5 {[%clk 1:32:31]} Ne7 {[%clk 1:28:38]} 9. g4
{[%clk 1:32:14]} Ne8 {[%clk 1:23:55]} 10. g5 {[%clk 1:17:19]} f5 {[%clk 1:18:59]}
11. gxf6 {[%clk 1:12:26]} Bxf6 {[%clk 0:57:27]} 12. h4 {[%clk 0:54:26]} Ng7
{[%clk 0:57:51]} 13. Ng3 {[%clk 0:45:58]} Nh5 {[%clk 0:58:16]} 14. Nce2
{[%clk 0:39:10]} Nf4 {[%clk 0:42:52]} 15. Qd2 {[%clk 0:36:49]} g5
{[%clk 0:42:52]} 16. hxg5 {[%clk 0:32:33]} Bxg5 {[%clk 0:40:54]} 17. Nxf4
{[%clk 0:28:20]} exf4 {[%clk 0:34:39]} 18. Bd4 {[%clk 0:28:30]} Ng6
{[%clk 0:34:22]} 19. Nh5 {[%clk 0:22:52]} Bh4+ {[%clk 0:17:21]} 20. Bf2
{[%clk 0:21:02]} Ne5 {[%clk 0:13:39]} 21. Be2 {[%clk 0:14:26]} Bg5
{[%clk 0:13:43]} 22. O-O-O {[%clk 0:13:55]} Bg4 {[%clk 0:07:53]} 23. fxg4
{[%clk 0:09:19]} f3 {[%clk 0:08:18]} 24. Be3 {[%clk 0:09:31]} fxe2
{[%clk 0:07:49]} 25. Rde1 {[%clk 0:07:18]} Bh4 {[%clk 0:01:22]} 26. Rxe2
{[%clk 0:05:58]} Nxc4 {[%clk 0:01:22]} 27. Qc3 {[%clk 0:05:27]} Ne5
{[%clk 0:01:51]} 28. g5 {[%clk 0:04:21]} Bxg5 29. Rg2 {[%clk 0:03:42]} h6
{[%clk 0:01:46]} 30. Bxg5 {[%clk 0:03:09]} hxg5 {[%clk 0:02:05]} 31. Rhg1
{[%clk 0:03:31]} Rf3 {[%clk 0:01:35]} 32. Rxg5+ {[%clk 0:03:54]} Kh8
{[%clk 0:01:45]} 33. Qd2 {[%clk 0:02:16]} Qf8 {[%clk 0:01:36]} 34. Nf6
{[%clk 0:01:57]} Rh3 {[%clk 0:00:45]} 35. Rg8+ {[%clk 0:01:14]} Qxg8
{[%clk 0:01:14]} 36. Rxg8+ {[%clk 0:01:39]} Rxg8 {[%clk 0:01:42]} 37. Nxg8
{[%clk 0:02:00]} Rh1+ {[%clk 0:01:21]} 38. Kc2 {[%clk 0:02:23]} Nf3
{[%clk 0:01:00]} 39. Qc3+ {[%clk 0:02:44]} Kxg8 {[%clk 0:01:13]} 40. Qxf3
{[%clk 0:02:58]} Rh2+ {[%clk 0:01:02]} 41. Kb3 {[%clk 0:03:00]} Rh7
{[%clk 0:01:08]} 42. Qg4+ {[%clk 0:02:04]} Kf7 {[%clk 0:01:27]} 43. Qf5+
{[%clk 0:00:53]} Kg7 {[%clk 0:01:52]} 44. Kc4 {[%clk 0:25:42]} a6
{[%clk 0:31:20]} 45. Qc8 {[%clk 0:25:04]} Kf6 {[%clk 0:29:17]} 46. Kd4
{[%clk 0:24:46]} Re7 {[%clk 0:29:24]} 47. Qxb7 {[%clk 0:24:35]} c5+
{[%clk 0:29:42]} 48. dxc6 {[%clk 0:25:00]} 1-0

[Event "Small Nations"]
[Site "?"]
[Date "2015.04.22"]
[Round "5.5"]
[White "Holland, Christopher"]
[Black "De La Riva Aguado, Oscar"]
[Result "1/2-1/2"]
[BlackElo "2507"]
[WhiteElo "2213"]
[LiveChessVersion "1.4.5"]

1. d4 {[%clk 1:30:56]} g6 {[%clk 1:30:04]} 2. c4 {[%clk 1:30:29]} Bg7
{[%clk 1:30:25]} 3. Nc3 {[%clk 1:30:04]} c5 {[%clk 1:30:13]} 4. d5
{[%clk 1:30:21]} f5 {[%clk 1:29:17]} 5. e4 {[%clk 1:26:21]} Bxc3+
{[%clk 1:29:02]} 6. bxc3 {[%clk 1:26:46]} fxe4 {[%clk 1:29:27]} 7. f3
{[%clk 1:13:07]} Qa5 {[%clk 1:27:46]} 8. fxe4 {[%clk 1:08:35]} Nf6
{[%clk 1:20:48]} 9. Qc2 {[%clk 1:04:53]} Nxe4 {[%clk 1:03:01]} 10. Bd3
{[%clk 1:04:59]} Nd6 {[%clk 1:03:11]} 11. Bf4 {[%clk 0:37:08]} b5
{[%clk 1:02:55]} 12. Bxd6 {[%clk 0:37:20]} exd6 {[%clk 1:03:18]} 13. Bxg6+
{[%clk 0:26:37]} Kd8 {[%clk 1:02:00]} 14. Be4 {[%clk 0:26:27]} Na6
{[%clk 0:52:26]} 15. Ne2 {[%clk 0:26:13]} h6 {[%clk 0:49:37]} 16. O-O
{[%clk 0:26:11]} Rb8 {[%clk 0:49:28]} 17. Rab1 {[%clk 0:11:32]} b4
{[%clk 0:46:20]} 18. Rb3 {[%clk 0:08:40]} Re8 {[%clk 0:44:41]} 19. Bd3
{[%clk 0:07:48]} Rb6 {[%clk 0:43:50]} 20. Rfb1 {[%clk 0:04:45]} Nc7
{[%clk 0:41:29]} 21. Kh1 {[%clk 0:03:40]} Ba6 {[%clk 0:41:22]} 22. cxb4
{[%clk 0:02:52]} cxb4 {[%clk 0:41:40]} 23. Ng3 {[%clk 0:02:49]} Qc5
{[%clk 0:38:56]} 24. Nf5 {[%clk 0:03:00]} h5 {[%clk 0:38:26]} 25. Qd2
{[%clk 0:03:09]} Kc8 {[%clk 0:32:48]} 26. Rxb4 {[%clk 0:03:30]} Re5
{[%clk 0:33:13]} 27. h3 {[%clk 0:02:20]} Ne8 {[%clk 0:31:24]} 28. a3
{[%clk 0:02:28]} Kc7 {[%clk 0:31:23]} 29. Kh2 {[%clk 0:02:43]} Nf6
{[%clk 0:31:43]} 30. Rd1 {[%clk 0:01:34]} Ne4 {[%clk 0:29:20]} 31. Qc2
{[%clk 0:01:34]} Rxf5 {[%clk 0:27:21]} 32. Bxe4 {[%clk 0:02:03]} Rf2
{[%clk 0:27:42]} 33. Qc3 {[%clk 0:02:00]} Ra2 {[%clk 0:25:58]} 34. Rc1
{[%clk 0:02:01]} h4 {[%clk 0:23:42]} 35. Rcb1 {[%clk 0:01:56]} Qf2
{[%clk 0:23:37]} 36. Rxb6 {[%clk 0:01:46]} axb6 {[%clk 0:23:56]} 37. Qb3
{[%clk 0:01:57]} Re2 {[%clk 0:21:21]} 38. Bf3 {[%clk 0:02:21]} Qg3+
{[%clk 0:02:47]} 39. Kh1 {[%clk 0:02:49]} Re1+ {[%clk 0:03:02]} 40. Rxe1
{[%clk 0:03:15]} Qxe1+ {[%clk 0:03:25]} 41. Kh2 {[%clk 0:03:42]} Qe5+
{[%clk 0:02:10]} 42. Kh1 {[%clk 0:03:57]} Qe1+ {[%clk 0:02:05]} 1/2-1/2

[Event "Small Nations"]
[Site "?"]
[Date "2015.04.22"]
[Round "5.6"]
[White "Jose Queralto, Daniel"]
[Black "Kirby, Peter J"]
[Result "1/2-1/2"]
[BlackElo "1990"]
[WhiteElo "2154"]
[LiveChessVersion "1.4.5"]

1. e4 {[%clk 1:30:57]} c5 {[%clk 1:30:56]} 2. Nf3 {[%clk 1:31:23]} e6
{[%clk 1:31:22]} 3. d4 {[%clk 1:31:45]} cxd4 {[%clk 1:31:47]} 4. Nxd4
{[%clk 1:32:10]} Nc6 {[%clk 1:32:12]} 5. Nxc6 {[%clk 1:22:16]} bxc6
{[%clk 1:31:38]} 6. Bd3 {[%clk 1:22:35]} Nf6 {[%clk 1:31:06]} 7. O-O
{[%clk 1:22:48]} d5 {[%clk 1:27:02]} 8. Nd2 {[%clk 1:23:11]} Bc5 {[%clk 1:23:55]}
9. e5 {[%clk 1:10:49]} Nd7 {[%clk 1:22:41]} 10. Nb3 {[%clk 1:00:20]} Be7
{[%clk 1:18:29]} 11. Bf4 {[%clk 0:57:38]} a5 {[%clk 1:13:58]} 12. Qg4
{[%clk 0:50:48]} g6 {[%clk 1:13:20]} 13. Nd4 {[%clk 0:40:54]} Qb6
{[%clk 1:08:11]} 14. Nf3 {[%clk 0:33:15]} Nc5 {[%clk 1:01:47]} 15. Bg5
{[%clk 0:28:10]} Qc7 {[%clk 0:54:25]} 16. Be2 {[%clk 0:24:09]} Ne4
{[%clk 0:50:40]} 17. Bxe7 {[%clk 0:18:46]} Qxe7 {[%clk 0:50:51]} 18. h4
{[%clk 0:15:42]} h5 {[%clk 0:50:33]} 19. Qf4 {[%clk 0:16:04]} Ba6
{[%clk 0:49:38]} 20. Bxa6 {[%clk 0:13:26]} Rxa6 {[%clk 0:48:05]} 21. Rfe1
{[%clk 0:10:51]} Rb6 {[%clk 0:44:22]} 22. Rab1 {[%clk 0:10:23]} Rb4
{[%clk 0:43:34]} 23. Qe3 {[%clk 0:08:09]} Qc5 {[%clk 0:40:45]} 24. Qxc5
{[%clk 0:07:37]} Nxc5 {[%clk 0:41:14]} 25. Re3 {[%clk 0:07:37]} Ne4
{[%clk 0:39:32]} 26. Ra3 {[%clk 0:04:17]} O-O {[%clk 0:37:41]} 27. Rxa5
{[%clk 0:03:21]} Nc3 {[%clk 0:36:58]} 28. Re1 {[%clk 0:02:12]} Rxb2
{[%clk 0:37:05]} 29. Nd4 {[%clk 0:02:32]} Nxa2 {[%clk 0:34:43]} 30. Re3
{[%clk 0:01:59]} Rc8 {[%clk 0:29:40]} 31. Rc5 {[%clk 0:02:10]} Nb4
{[%clk 0:23:50]} 32. Rec3 {[%clk 0:02:19]} Ra8 {[%clk 0:22:44]} 33. Nxc6
{[%clk 0:02:28]} Nxc6 {[%clk 0:23:11]} 34. Rxc6 {[%clk 0:02:54]} Ra1+
{[%clk 0:22:10]} 35. Kh2 {[%clk 0:03:20]} Re1 {[%clk 0:22:03]} 36. f4
{[%clk 0:03:36]} Re4 {[%clk 0:20:53]} 37. Rc8+ {[%clk 0:03:58]} Kg7
{[%clk 0:21:10]} 38. Kg3 {[%clk 0:03:27]} Rbb4 {[%clk 0:20:13]} 39. Rf3
{[%clk 0:02:32]} Rbc4 {[%clk 0:20:24]} 40. Rxc4 {[%clk 0:02:46]} Rxc4
{[%clk 0:20:52]} 41. c3 {[%clk 0:03:00]} Kf8 {[%clk 0:15:43]} 1/2-1/2

[Event "Small Nations"]
[Site "?"]
[Date "2015.04.22"]
[Round "5.7"]
[White "Rowe, Peter"]
[Black "Mateu Guiu, Esteve"]
[Result "0-1"]
[BlackElo "2034"]
[WhiteElo "1988"]
[LiveChessVersion "1.4.5"]

1. d4 {[%clk 1:30:48]} Nf6 {[%clk 1:30:52]} 2. Nf3 {[%clk 1:30:53]} g6
{[%clk 1:31:07]} 3. Bf4 {[%clk 1:31:03]} Bg7 {[%clk 1:31:06]} 4. e3
{[%clk 1:30:32]} O-O {[%clk 1:31:03]} 5. h3 {[%clk 1:30:45]} c5 {[%clk 1:28:49]}
6. c3 {[%clk 1:30:12]} Qb6 {[%clk 1:26:07]} 7. Qb3 {[%clk 1:26:25]} Qa5
{[%clk 1:20:31]} 8. Nbd2 {[%clk 1:26:25]} d5 {[%clk 1:20:31]} 9. Qb5
{[%clk 1:26:25]} Qxb5 {[%clk 1:20:31]} 10. Bxb5 {[%clk 1:26:25]} b6
{[%clk 1:20:31]} 11. Ne5 {[%clk 1:26:25]} a6 {[%clk 1:20:31]} 12. Be2
{[%clk 1:26:25]} Bb7 {[%clk 1:20:31]} 13. O-O {[%clk 1:26:25]} Nfd7
{[%clk 1:20:31]} 14. Rad1 {[%clk 1:26:25]} Nxe5 {[%clk 1:20:31]} 15. Bxe5
{[%clk 1:26:25]} Bxe5 {[%clk 1:20:31]} 16. dxe5 {[%clk 1:26:25]} Nc6
{[%clk 1:20:31]} 17. f4 {[%clk 1:26:25]} e6 {[%clk 1:20:31]} 18. Bf3
{[%clk 1:26:25]} Rfd8 {[%clk 1:20:31]} 19. Nb3 {[%clk 1:26:25]} Ne7
{[%clk 1:20:31]} 20. g4 {[%clk 1:26:25]} Bc6 {[%clk 1:20:31]} 21. Rd2
{[%clk 1:26:25]} Ra7 {[%clk 1:20:31]} 22. Kf2 {[%clk 1:26:25]} a5
{[%clk 1:20:31]} 23. Nc1 {[%clk 1:26:25]} a4 {[%clk 1:20:31]} 24. a3
{[%clk 1:26:25]} Bb5 {[%clk 1:20:31]} 25. Rfd1 {[%clk 1:26:25]} Rad7
{[%clk 1:20:31]} 26. Ne2 {[%clk 1:26:25]} Nc6 {[%clk 1:20:31]} 27. Ng3
{[%clk 1:26:25]} Na5 {[%clk 1:20:31]} 28. Be2 {[%clk 1:26:25]} Bc4
{[%clk 1:20:31]} 29. h4 {[%clk 0:09:31]} Nb3 {[%clk 0:08:00]} 30. Bxc4
{[%clk 0:09:15]} Nxd2 {[%clk 0:08:15]} 31. Bb5 {[%clk 0:09:37]} Nc4
{[%clk 0:08:27]} 32. Bxd7 {[%clk 0:09:48]} Rxd7 {[%clk 0:08:14]} 33. h5
{[%clk 0:05:08]} Nxb2 {[%clk 0:08:07]} 34. Rb1 {[%clk 0:05:07]} Nc4
{[%clk 0:08:24]} 35. h6 {[%clk 0:05:11]} Rb7 {[%clk 0:08:03]} 36. e4
{[%clk 0:04:12]} b5 {[%clk 0:05:36]} 37. exd5 {[%clk 0:04:09]} exd5
{[%clk 0:05:01]} 38. Rd1 {[%clk 0:04:18]} b4 {[%clk 0:03:26]} 39. Rxd5
{[%clk 0:04:25]} Kf8 {[%clk 0:03:47]} 40. Rxc5 {[%clk 0:02:36]} b3
{[%clk 0:03:31]} 41. f5 {[%clk 0:01:50]} b2 {[%clk 0:03:10]} 42. Rc8+
{[%clk 0:21:43]} Ke7 {[%clk 0:33:32]} 43. f6+ {[%clk 0:21:45]} Kd7
{[%clk 0:33:47]} 44. Rf8 {[%clk 0:20:16]} Nxe5 {[%clk 0:34:00]} 0-1